| 000 | 01061nam a22002417a 4500 | ||
|---|---|---|---|
| 999 |
_c1702 _d1702 |
||
| 003 | AR-CdUCM | ||
| 008 | 190227b ||||| |||| 00| 0 spa d | ||
| 040 |
_aMUNICIPALIDAD PROVINCIAL DEL CUSCO _cBIBLIOTECA MUNICIPAL DEL CUSCO |
||
| 082 |
_a985.62 / _bP57 |
||
| 100 |
_aPilares Huallpa, Alberto _96296 |
||
| 245 |
_aLos Proyectos de Riego en las comunidades de zonas altoandinas : _bImpacto socio-economico del riego en la comunidad de huichay- Jaran ( puno ) / _cPilares Huallpa, Alberto |
||
| 260 |
_aCusco : _bBartolome de las Casa, _c1992. |
||
| 300 |
_a104 paginas ; _bIlustraciones, Cuadros , Fotos, _c28cm. |
||
| 500 | _aProyecto | ||
| 505 | _aMarco teorico y metodologico -- Contexto del altiplano peruano y la comunidad de huichay jaran -- Dotacion de agua -- Efectos del riego -- Evaluación Socio-economica... | ||
| 650 |
_aProyectos _94155 |
||
| 650 |
_aElaboracion de un proyecto _96297 |
||
| 650 |
_aMetodologia _92264 |
||
| 650 |
_aPasos _96298 |
||
| 700 |
_aPilares Huallpa, Alberto _96296 |
||
| 942 |
_2ddc _cLIBROS |
||
| 945 |
_apjha _d2017-02-27 |
||